Maatrangalin Nayahan Rahul Gandhi (Record no. 203038)

MARC details
000 -LEADER
fixed length control field 00454nam a2200193Ia 4500
008 - FIXED-LENGTH DATA ELEMENTS--GENERAL INFORMATION
fixed length control field 240823s9999||||xx |||||||||||||| ||und||
020 ## - INTERNATIONAL STANDARD BOOK NUMBER
International Standard Book Number 978-81-910271-4-3
082 ## - DEWEY DECIMAL CLASSIFICATION NUMBER
-- 920 Q0
100 ## - MAIN ENTRY--PERSONAL NAME
Personal name Xavier
245 #0 - TITLE STATEMENT
Title Maatrangalin Nayahan Rahul Gandhi
250 ## - EDITION STATEMENT
Edition statement 1st
260 ## - PUBLICATION, DISTRIBUTION, ETC. (IMPRINT)
Date of publication, distribution, etc 2010
Name of publisher, distributor, etc Blackhole Media Public
500 ## - GENERAL NOTE
General note YES
650 ## - SUBJECT ADDED ENTRY--TOPICAL TERM
Topical term or geographic name as entry element Tamil Books
942 ## - ADDED ENTRY ELEMENTS (KOHA)
Item type Books
Holdings
Withdrawn status Lost status Damaged status Permanent location Current location Date acquired Source of acquisition Cost, normal purchase price Full call number Barcode Date last seen Koha item type
      CENTRAL LIBRARY, NOORUL ISLAM CENTRE FOR HIGHER EDUCATION CENTRAL LIBRARY, NOORUL ISLAM CENTRE FOR HIGHER EDUCATION 04/09/2014 Sahitya Academy 130.00 920 Q0 53996 08/23/2024 Books
Visitors:
Copyright © 2024 Central Library NICHE.  All rights reserved.